000 00519nam a2200181Ia 4500
005 20250326125455.0
008 250326s9999 xx 000 0 und d
037 _aTextbook
040 _aFMSL
_beng
_cFMSL
041 _aeng
_2eng
084 _aY:4.44 K5
_qFMSL
100 _aMukherjee R
_9121904
245 0 _aSociologist and social change in India today
_cMukherjee R
260 _aNew Delhi
_bNew Delhi, Prentice-Hall
_c1965
300 _a216p
942 _cTB
_hY:4.44 K5
999 _c1278222
_d1278222